000 01017nam a2200241 i 4500
001 98242
003 ES-MaACL
005 20250831014735.0
007 t|
008 050727s1953 sp ||||1| spa d
080 _a86.0(729.1)-821"18"
100 1 _aMartí, José,
_d1853-1895
_977189
245 1 0 _aObras escogidas /
_cJosé Martí ; selección, prólogo y notas de Rafael Estenger.
260 _aMadrid :
_bAguilar,
_c1953.
300 _a1 lám. retr. autor, 1250 p. ;
_c14 cm.
505 0 _aContiene: Hombres de América ; Temas continentales ; Las artes y las letras ; Escenas norteamericanas ; Lecturas para niños ; Cuba: semblanzas ; Cuba: política y revolución ; Discursos ; Cartas y apuntes de un viaje ; Poesías.
651 4 _aEstados Unidos-
_xDescripción-
_yS.XIX
_98539
651 4 _aCuba-
_xHistoria-
_y1810-1899.
_9148036
651 4 _aCuba-
_xPolítica y gobierno-
_y1810-1899.
_9172948
700 1 _aEstenger, Rafael.
_948108
852 _aES-MaACL
_jC-8080
999 _c98242
_d98242